000 00642nam a2200253Ia 4500
003 OSt
005 20220918221616.0
006 a|||||r|||| 00| 0
007 ta
008 220917b |||||||| |||| 00| 0 eng d
024 _a202,129
037 _cTextual
040 _aARTS
_cARTS
_beng
041 _2eng
_aeng
082 _aP:f, P1
100 _aSampson Geoffrey
245 0 _aEmpirical linguistics
260 _aLondon
_bContinuum
_c2001
300 _aviii, 226 p
_ccm.
490 _aOpen linguistics series
650 _aLINGUISTICS
942 _hP:f, P1
_cTEXL
_2CC
999 _c273050
_d273050